000 00227nam a22000857a 4500
008 170526b xxu||||| |||| 00| 0 eng d
100 _93130
_aA. K Naidu
245 _aTrail of The Tiger
260 _aNew Delhi
_bNataraj Publication
_c1998
999 _c6419
_d6419